000 00865cam a2200229 4500
001 J2976
008 090401t1995 xxu||||| |||| 00| 0 eng d
035 _a(Sirsi) u52333
041 _aeng
050 _a692.5
110 _aBuilding Cost Information Service
_91096
245 _aBCIS quarterly review of building prices. - No. 57 (March 1995) - No. 60 (December 1995)
260 _aKingston upon Thames
_bBuilding Cost Information
_c1995
300 _a4 pt. ; 30cm.
350 _a0
520 _aThis item is part of a subscription service and cannot be photocopied.Neither can any part be read out over the phone. Please contact BCIS direct on 0171-222-7000 for details.
650 _aBUILT ENVIRONMENT-BUILDING COSTS
650 _aQUARTERLY REVIEW OF BUILDING PRICES
690 _aBUILT ENVIRONMENT-BUILDING COSTS
942 _n0
948 _c04/03/1997
999 _c93034
_d93034